Commissioner : (Record no. 19353)

MARC details
000 -LEADER
fixed length control field 00952cam a2200277 i 4500
001 - CONTROL NUMBER
control field 3193981
003 - CONTROL NUMBER IDENTIFIER
control field OSt
005 - DATE AND TIME OF LATEST TRANSACTION
control field 20211122090536.0
008 - FIXED-LENGTH DATA ELEMENTS--GENERAL INFORMATION
fixed length control field 770713s1977 nyuaf 001 0aeng
010 ## - LIBRARY OF CONGRESS CONTROL NUMBER
LC control number 77021876
020 ## - INTERNATIONAL STANDARD BOOK NUMBER
International Standard Book Number 0671227513
040 ## - CATALOGING SOURCE
Original cataloging agency DLC
Transcribing agency HU
Modifying agency DLC
043 ## - GEOGRAPHIC AREA CODE
Geographic area code n-us-ny
050 00 - LIBRARY OF CONGRESS CALL NUMBER
Classification number HV7911.M89
Item number A32
082 00 - DEWEY DECIMAL CLASSIFICATION NUMBER
Classification number 363.2/092/4
-- B
100 1# - MAIN ENTRY--PERSONAL NAME
Personal name Murphy, Patrick V.,
Dates associated with a name 1920-2011.
9 (RLIN) 19611
245 10 - TITLE STATEMENT
Title Commissioner :
Remainder of title a view from the top of American law enforcement /
Statement of responsibility, etc. by Patrick V. Murphy and Thomas Plate.
260 ## - PUBLICATION, DISTRIBUTION, ETC.
Place of publication, distribution, etc. New York :
Name of publisher, distributor, etc. Simon and Schuster,
Date of publication, distribution, etc. c1977.
300 ## - PHYSICAL DESCRIPTION
Extent 280 p., [8] leaves of plates :
Other physical details ill. ;
Dimensions 25 cm.
500 ## - GENERAL NOTE
General note Includes index.
600 10 - SUBJECT ADDED ENTRY--PERSONAL NAME
Personal name Murphy, Patrick V.,
Dates associated with a name 1920-2011.
9 (RLIN) 19611
650 #0 - SUBJECT ADDED ENTRY--TOPICAL TERM
Topical term or geographic name entry element Police chiefs
Geographic subdivision New York (State)
-- New York
Form subdivision Biography.
9 (RLIN) 19612
700 1# - ADDED ENTRY--PERSONAL NAME
Personal name Plate, Thomas Gordon,
Relator term joint author.
9 (RLIN) 19613
906 ## - LOCAL DATA ELEMENT F, LDF (RLIN)
a 7
b cbc
c orignew
d 1
e ocip
f 19
g y-gencatlg
942 ## - ADDED ENTRY ELEMENTS (KOHA)
Source of classification or shelving scheme Dewey Decimal Classification
Koha item type Books like text book referance book
Suppress in OPAC No
Holdings
Withdrawn status Lost status Source of classification or shelving scheme Damaged status Not for loan Home library Current library Shelving location Date acquired Total Checkouts Full call number Barcode Date last seen Copy number Price effective from Koha item type
    Dewey Decimal Classification     Social Library Social Library General Stacks 11/22/2021   365,2'09 SHLIB 00003048 11/22/2021 1 11/22/2021 Books like text book referance book